A Textbook of Modern Europnan History / (Record no. 187084)
[ view plain ]
| 000 -LEADER | |
|---|---|
| fixed length control field | 00808 a2200193 4500 |
| 003 - CONTROL NUMBER IDENTIFIER | |
| control field | Nust |
| 005 - DATE AND TIME OF LATEST TRANSACTION | |
| control field | 20230301075200.0 |
| 020 ## - INTERNATIONAL STANDARD BOOK NUMBER | |
| International Standard Book Number | 812391492x |
| 040 ## - CATALOGING SOURCE | |
| Transcribing agency | Nust |
| 082 ## - DEWEY DECIMAL CLASSIFICATION NUMBER | |
| Classification number | 940.2,DAY |
| 100 ## - MAIN ENTRY--PERSONAL NAME | |
| Personal name | Dayal, Raghubir |
| 9 (RLIN) | 6693 |
| 245 ## - TITLE STATEMENT | |
| Title | A Textbook of Modern Europnan History / |
| Statement of responsibility, etc. | Raghubir Dayal |
| 250 ## - EDITION STATEMENT | |
| Edition statement | 2nd Ed |
| 260 ## - PUBLICATION, DISTRIBUTION, ETC. | |
| Place of publication, distribution, etc. | New Delhi |
| Name of publisher, distributor, etc. | CBS Publishers |
| Date of publication, distribution, etc. | 2007 |
| 300 ## - PHYSICAL DESCRIPTION | |
| Extent | 600 |
| 505 ## - FORMATTED CONTENTS NOTE | |
| Formatted contents note | Europe in the 18th Century (Page-1), The Treaty of Tilsit,1807 (Page-99), Concert of Europe (Page-137), The Revolution of 1830 (Page-143), Reaction in Europe (Page-151), In the Austrian Empire and Italy (Page-174) Reaction in Germany (Page-188), The War of Greek Independence (Page-257), Democracy and Dictatorship (Page-397). |
| 650 ## - SUBJECT ADDED ENTRY--TOPICAL TERM | |
| Topical term or geographic name entry element | A textbook of modern europnan history |
| 9 (RLIN) | 109670 |
| 942 ## - ADDED ENTRY ELEMENTS (KOHA) | |
| Source of classification or shelving scheme | |
| Koha item type | Book |
| Withdrawn status | Lost status | Source of classification or shelving scheme | Damaged status | Not for loan | Permanent Location | Current Location | Shelving location | Date acquired | Full call number | Barcode | Date last seen | Price effective from | Koha item type | Public note |
|---|---|---|---|---|---|---|---|---|---|---|---|---|---|---|
| Military College of Signals (MCS) | Military College of Signals (MCS) | General Stacks | 12/12/2016 | 940.2,DAY | MCS33514 | 12/08/2016 | 12/12/2016 | Book | Almirah No.60, Shelf No.1 |
